UM Logo

The meaning of guilt : (Record no. 20830)

MARC details
000 -LEADER
fixed length control field 00764nam a22001697a 4500
005 - DATE AND TIME OF LATEST TRANSACTION
control field 20250218172155.0
008 - FIXED-LENGTH DATA ELEMENTS--GENERAL INFORMATION
fixed length control field 240822b ||||| |||| 00| 0 eng d
082 ## - DEWEY DECIMAL CLASSIFICATION NUMBER
Classification number DPer 658.8 J826 October-December 2019 v. 116 n. 4-6
100 ## - MAIN ENTRY--PERSONAL NAME
Personal name Tignor, Stefanie M.
Relator term author.
9 (RLIN) 58861
245 ## - TITLE STATEMENT
Title The meaning of guilt :
Remainder of title reconciling the past to inform the future /
Statement of responsibility, etc. Stefanie M. Tignor, and C. Randall Colvin.
260 ## - PUBLICATION, DISTRIBUTION, ETC. (IMPRINT)
Place of publication, distribution, etc. Philadelphia ;
Name of publisher, distributor, etc. American Psychological Association,
Date of publication, distribution, etc. June 2019.
300 ## - PHYSICAL DESCRIPTION
Extent volume 116, pages 989-1010,
Other physical details illustration.
500 ## - GENERAL NOTE
General note Journal of Personality and Social Psychology, vol. 116, n. 6, pages 989-1010, June 2019.
700 ## - ADDED ENTRY--PERSONAL NAME
Personal name Tignor, Stefanie M.
Relator term author.
9 (RLIN) 58861
700 ## - ADDED ENTRY--PERSONAL NAME
Personal name Colvin, C. Randall.
Relator term author.
9 (RLIN) 58862
942 ## - ADDED ENTRY ELEMENTS (KOHA)
Source of classification or shelving scheme Dewey Decimal Classification
Koha item type Periodicals
Holdings
Withdrawn status Lost status Source of classification or shelving scheme Damaged status Not for loan Collection code Home library Current library Date acquired Total Checkouts Date last seen Price effective from Koha item type Public note
    Dewey Decimal Classification     Periodicals UM Digos College - LIC UM Digos College - LIC 08/22/2024   08/22/2024 08/22/2024 Periodicals Periodical Article